| 000 | 02559njm0a2200433 4500 | ||
|---|---|---|---|
| 001 | RU\NLR\ONIZ\304268 | ||
| 005 | 20250708194220.0 | ||
| 035 | _a(NLR Aleph) 022274373 | ||
| 071 | 0 | 0 | _aС10-07381-2 |
| 090 |
_a13285962 _c13285962 |
||
| 100 | _a20240527d1976 |||y0rusy50 ca | ||
| 102 | _aRU | ||
| 126 |
_aabbxexu ux _bxxx |
||
| 127 | _a004200 | ||
| 145 | 0 | _ab | |
| 200 | 1 |
_aНовый Вавилон _bЗвукозапись _eсюита из музыки к кинофильму _fД. Шостакович _gредакция Г. Рождественского _gисполняет: Ансамбль солистов Академического симфонического оркестра Московской государственной филармонии, дирижер Геннадий Рождественский |
|
| 203 |
_aМузыка _bисполнительская _cаудио |
||
| 210 |
_aМосква _cМелодия _gВСГ _eМосква _d1976 |
||
| 215 |
_a1 грп. [ГОСТ 5289-73] (42 мин) : 33 об/мин, стерео _d30 см, в конв. |
||
| 300 | _aНа конв. коммент. Г. Рождественского | ||
| 606 | 1 |
_aСюиты из музыки к кинофильмам для инструментального ансамбля _yСССР _z20 в. _jЗвукозапись _2nlr_sh _7ca |
|
| 606 | 1 |
_aАнсамбли смешанного состава _yСССР _z20 в. _jЗвукозапись _2nlr_sh _7ca |
|
| 606 | 1 |
_aДирижёры советские российские _z20-21 вв. _jЗвукозапись _2nlr_sh |
|
| 686 | 0 | _aЩ952.1-043(2) | |
| 700 | 1 |
_9z01790 _aШостакович _bД. Д. _f1906-1975 _gДмитрий Дмитриевич _4230 _7ca |
|
| 702 | 1 |
_9z02790 _aРождественский _bГ. Н. _f1931-2018 _gГеннадий Николаевич _4030 _4250 _7ca |
|
| 712 | 0 | 2 |
_aАнсамбль солистов Академического симфонического оркестра Московской государственной филармонии _4590 _7ca |
| 790 | 1 |
_9z01700 _aŠostakovič _bD. D. _f1906-1975 _gDmitrij Dmitrievič _4230 _7ba |
|
| 790 | 1 |
_9z02702 _aRoždestvenskij _bG. N. _f1931-2018 _gGennadij Nikolaevič _4030 _4250 _7ba |
|
| 801 | 0 |
_aRU _bNLR _c20240527 _gPSBO |
|
| 801 | 1 |
_aRU _bNLR _c20240527 _2rusmarc |
|
| 801 | 2 |
_aRU _bNLR _c20240627 |
|
| 852 |
_aNLR _bМг _j3/2844в _p27156 _t3 |
||
| 852 |
_aNLR _bМг _j3/2844б _p12336 _t2 |
||
| 852 |
_aNLR _bМг _j3/2844а _p12020 _t1 |
||
| 942 | _cREC | ||
| 980 | _aNB | ||
| 980 | _aONIZ | ||